000 01238nac a22003377a 4500
001 BR8602152
003 BR-BrBNA
005 20240105120413.0
008 230509b bl.|||m| |||| 00| 0 por d
040 _aBR-BrBNA
_bpor
_cBiblioteca Nacional de Agricultura
072 _aF08; E16
090 _a0430 BR8602152
100 1 _aSantos, J.F. dos
100 1 _aAranha, W. da S.
110 1 _aEmpresa Estadual de Pesquisa Agropecuaria da Paraiba S.A., Joao Pessoa (Brasil)
245 1 _aAnalise agro-economica do algodoeiro herbaceo explorado em sistemas de consorcio [Gossypium herbaceum, Zea mays, Phaseolus vulgaris, Paraiba]
246 1 _a[Agro-economical analysis of herbaceous cotton cropped in association systems]
260 3 _aJoao Pessoa, PB (Brasil):
_c1986.
300 _a5 p.
490 _aPesquisa em Andamento - Empresa Estadual de Pesquisa Agropecuaria da Paraiba S.A. (Brazil)
_vno. 36
_xISSN 0101-9406
650 _aALGODAO HERBACEO
650 _aMILHO
650 _aFEIJAO
650 _aCONSORCIACAO DE CULTURA
650 _aRENDIMENTO
650 _aANALISE ECONOMICA
650 _aSERRA DO TEIXEIRA
650 _aPARAIBA
909 _a202312
_bLúcia Elande
_c55
_dLúcia Elande
942 _2AGRIS
_n0
_cMS
999 _c279267
_d279267